000 01940cam a22004694i 4500
003 PE-LiUPU
005 20250731173152.0
008 150623s r 000 0 d
020 _a0825416493
035 _a(Sirsi) i9780825416491
040 _aPE-LiUPU
_bspa
_cPE-LiUPU
_erda
049 _aPRUA
082 0 4 _a220.7
_bCBP
_221
100 1 _aSailhamer, John,
_eautor.
245 1 0 _aPrimero y Segundo de Crónicas.
_n13-14 /
_cJohn Sailhamer.
264 1 _aGrand Rapids, MI :
_bPortavoz,
_c1996.
300 _a111 páginas ;
_c18 centímetros
336 _atext
_2rdacontent
337 _aunmediated
_2rdamedia
338 _avolume
_2rdacarrier
490 0 _aComentario Biblico Portavoz ;
_v13-14
505 0 _aPrimero y segundo de Crónicas. - La ascendencia de israel (1Cr. 1:1-10:14). - David (1 Cr. 11:1-16:43). - David y la promesa: El primer relato (1 Cr. 17:1-21:30). - David y la promesa: El segundo relato (1 Cr 22:1-27:34). - David y la promesa: El terder relato (1 Cr. 28:1-29:30). - Salomon (2 Cr. 1:1-9:31).- Los reyes dadivicos, primera parte (Roboam - Josafat) (2 Cr. 10:1-20:30). - Los reyes de divicos, segunda parte (Joram-Josias) (2 Cr.21:1-35:27).
526 _aSEG42
526 _aSEG41
526 _aSEG40
526 _aSEG39
526 _aP94
526 _aP87
526 _aP86
526 _aP85
526 _aP77
526 _aP76
526 _aP35
541 _g0001404;
630 _aBiblia.
_pA.T.
_pCrónicas
_xComentarios.
700 1 _aRosso, Dante,
_etr.
942 _2ddc
_cBOOK
949 _a220.7 CBP 13-14
_wDEWEY
_c1
_i55014
_lCCODEBUL1
_mBUL
_r0
_sY
_tBOOK
_u2015-6-24
_xTEOLOGIA
_PP35
_0COMPRA
_o.STAFF. Colección General
994 _aC0
_bPEPRU
596 _a1
999 _a220.7 CBP 13-14
_wDEWEY
_c35482
_i55014
_f2021-11-9
_g5
_lCCODEBUL1
_mBUL
_r0
_sY
_tBOOK
_u2015-6-24
_xTEOLOGIA
_PP35
_0COMPRA
_o.STAFF. Colección General
_d35482
980 _81
_gALBERTO SANCHEZ Responsable de Automatización